Normal view
MARC view
- Mill, John S.-Utilidad
Entry NOMBRE PERSONAL
001 - NUMERO DE CONTROL DEL REGISTRO
- Campo de control: 155920
003 - IDENTIFICADOR DEL NÚMERO DE CONTROL
- Campo de control: ES-SlBCS
005 - FECHA Y HORA DE LA ÚLTIMA TRANSACCIÓN
- Campo de control: 20210327224625.0
008 - ELEMENTOS DE LONGITUD FIJA
- Campos de control de longitud fija: 210327|| aca||aabn | a|a d
040 ## - FUENTE DE LA CATALOGACIÓN
- Agencia que crea de manera original el registro: ES-SlBCS
- Agencia que realiza la transcripción: ES-SlBCS
100 ## - ENCABEZAMIENTO - NOMBRE PERSONAL
- Nombre personal: Mill, John S.-Utilidad
670 ## - FUENTE EN LA QUE SE LOCALIZARON DATOS
- Cita de la fuente: Work cat.: (ES-SlBCS)527170: Jones, Hardy 151809, Mill's Argument for the Principle of Utility
